| 000 | 00407nam a2200157 a 4500 | ||
|---|---|---|---|
| 005 | 20140412111223.0 | ||
| 008 | 100122s19uu xx 00 eng d | ||
| 020 | _a0-590-73879-8 | ||
| 050 |
_aER _bSh1 1997 |
||
| 100 | _aMaccarone, Grace | ||
| 245 |
_aSharing time troubles / _cGrace Maccarone. |
||
| 260 |
_aU.S.A : _bScholastic, _c1997. |
||
| 300 | _aunp. | ||
| 440 | _aHello reader 1 | ||
| 999 |
_c101986 _d101986 |
||